| 000 | 00395nam a22001457a 4500 | ||
|---|---|---|---|
| 003 | OSt | ||
| 005 | 20251113115536.0 | ||
| 008 | 251113b |||||||| |||| 00| 0 eng d | ||
| 020 | _a0894908790 | ||
| 040 | _cEnslow Publishers | ||
| 050 | _aQC 773.3 .G65 2000 | ||
| 245 |
_aTHE MANHATTAN PROJECT AND THE ATOMIC BOMB _cGONZALEES, DOREEN |
||
| 260 |
_aUS _bENSLOW PUBLISHERS _c2000 |
||
| 942 |
_2lcc _cBK _n0 |
||
| 999 |
_c9789 _d9789 |
||